Inntrepreneur Pub Company (CPC) and others v Bernard Crehan (Record no. 77512)

MARC details
000 -LEADER
fixed length control field 01788cab a2200229 4500
001 - CONTROL NUMBER
control field ##L134418
008 - FIXED-LENGTH DATA ELEMENTS--GENERAL INFORMATION
fixed length control field 060803n2006 000 0 eng u
035 ## - SYSTEM CONTROL NUMBER
System control number (Sirsi) u134418
041 0# - LANGUAGE CODE
Language code of text/sound track or separate title eng
245 00 - TITLE STATEMENT
Title Inntrepreneur Pub Company (CPC) and others v Bernard Crehan
260 ## - PUBLICATION, DISTRIBUTION, ETC.
Date of publication, distribution, etc. 2006
520 ## - SUMMARY, ETC.
Summary, etc. [2006] UKHL 38, 19 July 2006. Concerns whether a pub company's beer ties were anti-competitive in the European Community. IPC appealed against a CA decision that its beer ties breached EC Treaty (Nice) Art 81(1). The judge in the original case decided that a condition set out in "Delimitis v Henninger Brau AG" ([1991] ECR 1-935) had not been satisfied in relation to the UK beer market, and therefore IPC had not breached Art 81. The CA reversed this decision, holding that it went against the Commission's view in respect of another brewer, and thus did not comply with Art 10's duty of sincere co-operation. "Held": appeal allowed. There was no possibility of conflict, in the sense discussed in the relevant authorities, between a decision of the Commission and a decision of the national court on the application of EC law. The Commission's decision should be treated simply as evidence properly admissible before an English court.
590 ## - LOCAL NOTE (RLIN)
Local note IKA010806
650 24 - SUBJECT ADDED ENTRY--TOPICAL TERM
Topical term or geographic name entry element INNTREPRENEUR PUB COMPANY (CPC) AND OTHERS V CREHAN
650 24 - SUBJECT ADDED ENTRY--TOPICAL TERM
Topical term or geographic name entry element DELIMITIS V HENNINGER BRAU
650 24 - SUBJECT ADDED ENTRY--TOPICAL TERM
Topical term or geographic name entry element EC TREATY (NICE) ART 81
650 24 - SUBJECT ADDED ENTRY--TOPICAL TERM
Topical term or geographic name entry element EC TREATY (NICE) ART 10
651 #4 - SUBJECT ADDED ENTRY--GEOGRAPHIC NAME
Geographic name EUROPEAN
690 ## - LOCAL SUBJECT ADDED ENTRY--TOPICAL TERM (OCLC, RLIN)
Topical term or geographic name as entry element PROPERTY-COMMERCIAL PROPERTY-LEISURE PROPERTY-REFRESHMENT AND CULINARY PROPERTY-LICENSED PROPERTY-LICENSED PREMISES
856 40 - ELECTRONIC LOCATION AND ACCESS
Uniform Resource Identifier <a href="https://www.publications.parliament.uk/pa/ld200506/ldjudgmt/jd060719/crehan.pdf">https://www.publications.parliament.uk/pa/ld200506/ldjudgmt/jd060719/crehan.pdf</a>
Public note View the item free of charge at www.publications.parliament.uk...
942 ## - ADDED ENTRY ELEMENTS (KOHA)
Suppress in OPAC 0
Holdings
Withdrawn status Lost status Source of classification or shelving scheme Damaged status Not for loan Home library Current library Shelving location Date acquired Total Checkouts Full call number Barcode Date last seen Copy number Price effective from Koha item type
    Dewey Decimal Classification     Virtual Virtual Online 03/08/2006   ONLINE PUBLICATION 134418-1001 06/08/2019 1 06/08/2019 Law report